000 005050000a22001930004500
001 001242
003 MACL
005 20150714155914.0
008 150714b xxu||||| |||| 00| 0 eng d
040 _aMACL
_cMACL
041 _aEnglish
082 _a320.532/LEY
100 _aPanitch, Leo
_9510
245 _aThe Communist Manifesto Now
_bSocialst Register 1998
_cLeo Panitch
260 _aCalcutta
_c1998
_bKP Bagchi & Company,
350 _a300
650 _aPolitical Science
_988
942 _k321
_cBK
_2ddc
999 _c1237
_d1237